000 00632pam a2200205 a 4500
001 4890674
005 20231204030707.0
008 931228s1994 enk b 001 0 eng
020 _a1557864853 (alk. paper)
020 _a1557864861 (alk. paper : pbk.)
040 _aDLC
_cDLC
_dDLC
082 0 0 _a305.42/01
_220
_bPAT.
100 1 _aClough, Patricia Ticineto,
245 1 0 _aFeminist thought :
_bdesire, power, and academic discourse /
_cPatricia Ticineto Clough.
260 _aOxford, UK ;
_aCambridge, Mass. :
_bBlackwell,
_c1994.
300 _axi, 176 p. ;
650 0 _aFeminist theory.
650 0 _aSocial sciences
942 _cL
999 _c131
_d131